विकल्पहीन / (Record no. 116536)

MARC details
000 -LEADER
fixed length control field 01042nam a22002537a 4500
005 - DATE AND TIME OF LATEST TRANSACTION
control field 20170124103040.0
010 ## - LIBRARY OF CONGRESS CONTROL NUMBER
LC control number A-397381
020 ## - INTERNATIONAL STANDARD BOOK NUMBER
Terms of availability 25.00
035 ## - SYSTEM CONTROL NUMBER
System control number A-397381
037 ## - SOURCE OF ACQUISITION
Source of stock number/acquisition Cen Lib/Ret
040 ## - CATALOGING SOURCE
Original cataloging agency DPL
Language of cataloging HN
082 ## - DEWEY DECIMAL CLASSIFICATION NUMBER
Classification number
Item number भंडारी
100 ## - MAIN ENTRY--PERSONAL NAME
Personal name भंडारी, सुदर्शन
9 (RLIN) 67033
245 ## - TITLE STATEMENT
Title विकल्पहीन /
Statement of responsibility, etc सुदर्शन भंडारी
246 ## - VARYING FORM OF TITLE
Title proper/short title Vikalpheen /
Remainder of title by Sudarshan SIngh
260 ## - PUBLICATION, DISTRIBUTION, ETC. (IMPRINT)
Name of publisher, distributor, etc बुक्स एंड बुक्स
Place of publication, distribution, etc नई दिल्ली
Date of publication, distribution, etc 1987
270 ## - ADDRESS
City नई दिल्ली
Address सी-४०३, सोम विहार आर.के.पुरम
Postal code 110022
300 ## - PHYSICAL DESCRIPTION
Extent 121पृ.
Dimensions 16सेमी(सजिल्द )
650 ## - SUBJECT ADDED ENTRY--TOPICAL TERM
Topical term or geographic name as entry element हिंदी साहित्य
General subdivision
Geographic subdivision
9 (RLIN) 67034
650 ## - SUBJECT ADDED ENTRY--TOPICAL TERM
Topical term or geographic name as entry element हिंदी साहित्य
General subdivision उपन्यास
9 (RLIN) 42619
650 ## - SUBJECT ADDED ENTRY--TOPICAL TERM
Topical term or geographic name as entry element Hindi literature
9 (RLIN) 67035
650 ## - SUBJECT ADDED ENTRY--TOPICAL TERM
Topical term or geographic name as entry element Hindi literature
General subdivision Fiction
9 (RLIN) 67036
942 ## - ADDED ENTRY ELEMENTS (KOHA)
Source of classification or shelving scheme Dewey Decimal Classification
Koha item type Hindi Books
Classification part
Call number suffix भंडारी
Holdings
Withdrawn status Lost status Damaged status Not for loan Home library Current library Date acquired Source of acquisition Cost, normal purchase price Total Checkouts Full call number Barcode Date last seen Date checked out Copy number Cost, replacement price Price effective from Koha item type
        Central Library Central Library 25/08/2015 Cen Lib/Ref 25.00 1 उ भंडारी A-397381 15/02/2021 01/02/2021 1 25.00 25/08/2015 Hindi Books

© Delhi Public Library
Hit Counter
free hit counter